000 00485pab a2200157 454500
008 180718b1996 xxu||||| |||| 00| 0 eng d
100 _aKakabadse, Nada Korac
245 _aInnovation strategies for the adoption of new information technology in government: an Australian experience
260 _c1996
300 _ap.317-30
362 _aOct
650 _aPublic administration
700 _aKouzmin, Alexander
773 _aPublic Administration and Development
909 _a32525
999 _c32525
_d32525